Fr. Conceicao Rodrigues College of Engineering

Textbook of Materials technology (Record no. 27838)

MARC details
000 -LEADER
fixed length control field 00371nam a2200169Ia 4500
082 ## - DEWEY DECIMAL CLASSIFICATION NUMBER
Classification number 620.112
Item number BAR
100 ## - MAIN ENTRY--PERSONAL NAME
Personal name Barve/S.B
245 ## - TITLE STATEMENT
Title Textbook of Materials technology
260 ## - PUBLICATION, DISTRIBUTION, ETC.
Name of publisher, distributor, etc. Vipul prakashan
Date of publication, distribution, etc. 2012
366 ## - TRADE AVAILABILITY INFORMATION
Publishers's discount category 10
300 ## - PHYSICAL DESCRIPTION
Extent 236
546 ## - LANGUAGE NOTE
Language note ENGLISH
-- Info.Tech
650 ## - SUBJECT ADDED ENTRY--TOPICAL TERM
Topical term or geographic name entry element Material technology
654 ## - SUBJECT ADDED ENTRY--FACETED TOPICAL TERMS
Focus term materials
942 ## - ADDED ENTRY ELEMENTS (KOHA)
Koha item type BOOK
Holdings
Withdrawn status Lost status Damaged status Not for loan Collection Home library Current library Date acquired Source of acquisition Cost, normal purchase price Inventory number Total Checkouts Full call number Barcode Date last seen Cost, replacement price Price effective from Koha item type
        CRC Fr. Agnel's C.Rodrigues College of Engineering Fr. Agnel's C.Rodrigues College of Engineering 17/03/2023 Allied Publishers 126.00 1758 dt 08/10/2012   620.112 BAR 22339 17/03/2023 140.00   BOOK
        CRC Fr. Agnel's C.Rodrigues College of Engineering Fr. Agnel's C.Rodrigues College of Engineering 17/03/2023 Allied Publishers 126.00 1758 dt 08/10/2012   620.112 BAR 22340 17/03/2023 140.00   BOOK
        CRC Fr. Agnel's C.Rodrigues College of Engineering Fr. Agnel's C.Rodrigues College of Engineering 17/03/2023 Allied Publishers 126.00 1758 dt 08/10/2012   620.112 BAR 22341 17/03/2023 140.00   BOOK